000 00487nam a22001937a 4500
003 OSt
008 230420b2013 |||||||| |||| 00| 0 eng d
020 _a9788126545346
082 _a158.3
_bEVA-C
100 _aEvans, Gail
245 _aCounselling skills for dummies /
_cGail Evans
250 _a2nd ed.
260 _aNew Delhi :
_bWiley,
_c2013.
300 _axvi, 330p. ;
650 _aCounseling
650 _aCounseling psychology
650 _aPsychology
942 _cBK
_2ddc
_01
999 _c19445
_d19445